000
00294nam a22001337a 4500
008
170508b xxu||||| |||| 00| 0 eng d
020
_a
0195040767
041
_a
eng
080
_a
34
100
_a
15
101
_a
SHJ
245
_a
THE FOUNDATION OF JUSTICE
_c
VEATCH, R.M
942
_2
udc
_c
BK
999
_c
12898
_d
12898